000 00592nam a2200205Ii 4500
003 JO-AjNU
008 230605s9999||||xx |||||||||||||| ||und||
017 _a2008/11/3957
040 _aJO-AjNU
_bara
_erda
_cJO-AjNU
041 _aara
050 1 4 _aQA276.S43 2008
100 3 _aشقبوعة ، رانيا,
_eauthor
_932981
245 0 0 _aمبادئ في الاحصاء
264 3 1 _aعمان:دار وائل ، 2008
300 _a200ص
336 _atext
_btxt
_2rdacontent
337 _aunmediated
_bn
_2rdamedia
338 _avolume
_bnc
_2rdacarrier
650 4 _aالاحصاء
_932982
999 _aA13376
_c16944
_d16944